| 000 | 00731cab a2200241 4500 | ||
|---|---|---|---|
| 001 | WB3404-45 | ||
| 008 | 090401t1998 xxu||||| |||| 00| 0 eng d | ||
| 035 | _a(Sirsi) u83454 | ||
| 041 | _aeng | ||
| 245 | _aBusiness rates revaluation | ||
| 260 | _c1998 | ||
| 350 | _a0 | ||
| 490 |
_aDETR News Release _v(ENV/59) 28 January 1998 |
||
| 490 |
_aRICS Press Release _v(pr10.com) 29 January 1998 (3) |
||
| 520 | _aThe next non-domestic property revaluation will come into force on 1 April 2000. The RICS welcomes the announcement. | ||
| 650 | _aBUSINESS RATES | ||
| 650 | _aRATES REVALUATION | ||
| 650 | _aRATING REVALUATION 2000 | ||
| 650 | _aRICS | ||
| 690 | _aRATING AND VALUATION | ||
| 942 | _n0 | ||
| 948 | _c30/01/1998 | ||
| 999 |
_c52708 _d52708 |
||